| 000 | 00781nam a2200181Ia 4500 | ||
|---|---|---|---|
| 008 | 100920s9999 xx 000 0 und d | ||
| 082 |
_b43072 _a891.464 थ 81 |
||
| 100 | _aगाडगीळ बाळ. | ||
| 245 | _aजावई मेव्हणे आणि मंडळी ( मर्यादित ). | ||
| 260 |
_bसरस साहित्य /सोनसळे टेडिंग कंपनी, पुणे 9. _c1981 |
||
| 300 |
_a145 _bसाधी |
||
| 365 | _b18 | ||
| 520 | _aनिबंध. | ||
| 630 | _aजावई मेव्हणे आणि मंडळी ( मर्यादित ). | ||
| 650 | _aनिबंध. | ||
| 730 | _aजावई मेव्हणे आणि मंडळी ( मर्यादित ). | ||
| 942 | _cBOOK | ||
| 999 |
_c692849 _d692846 |
||